000 00309 a2200121 4500
001 146715
040 _cEscola São Tomás de Aquino
100 _aBANDEIRA, Pedro
240 1 0 _aMais respeito, eu sou criança!
_lpor
245 1 0 _aMais respeito, eu sou criança!
697 _a*LITERATURA INFANTO
942 _cBK
999 _c146715
_d146715